Southville International School and Colleges
Your cart is empty.
  • Cart
  • Lists
    Public lists Eva Luna New books Lux_list list_1
    Your lists Log in to create your own lists
  • Log in to your account
  • Your cookies
  • Search history
Southville International School and Colleges
  • Advanced search
  • Recent comments
  • Most popular
  • Libraries

Log in to your account

Log in with GOOGLE


If you do not have an external account, but do have a local account, you can still log in:

  1. Home
  2. MARC view: The Art Teacher from the black lagoon /
Normal view MARC view ISBD view

The Art Teacher from the black lagoon / (Record no. 47511)

[ view plain ]
MARC details
000 -LEADER
fixed length control field 01341nam a2200373 a 4500
001 - CONTROL NUMBER
control field 660391
003 - CONTROL NUMBER IDENTIFIER
control field OSt
005 - DATE AND TIME OF LATEST TRANSACTION
control field 20140319124703.0
008 - FIXED-LENGTH DATA ELEMENTS--GENERAL INFORMATION
fixed length control field 940513s1993 nyua j 000 1 eng d
010 ## - LIBRARY OF CONGRESS CONTROL NUMBER
LC control number 94158718
020 ## - INTERNATIONAL STANDARD BOOK NUMBER
Terms of availability 0590457829
035 ## - SYSTEM CONTROL NUMBER
System control number (OCoLC)27297077
040 ## - CATALOGING SOURCE
Original cataloging agency IaSc
Transcribing agency IaSc
Modifying agency OCoLC
-- DLC
042 ## - AUTHENTICATION CODE
Authentication code lccopycat
-- lcac
050 00 - LIBRARY OF CONGRESS CALL NUMBER
Classification number PZ 7
Item number .T365 2003
100 1# - MAIN ENTRY--PERSONAL NAME
Personal name Thaler, Mike,
Dates associated with a name 1936-
9 (RLIN) 28790
245 14 - TITLE STATEMENT
Title The Art Teacher from the black lagoon /
Statement of responsibility, etc by Mike Thaler ; pictures by Jared Lee.
260 ## - PUBLICATION, DISTRIBUTION, ETC. (IMPRINT)
Place of publication, distribution, etc New York :
Name of publisher, distributor, etc Scholastic,
Date of publication, distribution, etc 1993.
300 ## - PHYSICAL DESCRIPTION
Extent [32] p. :
Other physical details col. ill. ;
Dimensions 21 cm.
500 ## - GENERAL NOTE
General note In title: The word "Teacher" is crossed through with the word "Principal" written above it.
521 ## - TARGET AUDIENCE NOTE
Target audience note
526 ## - STUDY PROGRAM INFORMATION NOTE
Reading level 430
650 #0 - SUBJECT ADDED ENTRY--TOPICAL TERM
Topical term or geographic name as entry element Elementary school principals
General subdivision Juvenile fiction.
9 (RLIN) 28791
650 #0 - SUBJECT ADDED ENTRY--TOPICAL TERM
Topical term or geographic name as entry element Schools
General subdivision Juvenile fiction.
9 (RLIN) 28792
650 #0 - SUBJECT ADDED ENTRY--TOPICAL TERM
Topical term or geographic name as entry element School children
General subdivision Juvenile fiction.
9 (RLIN) 28793
650 #1 - SUBJECT ADDED ENTRY--TOPICAL TERM
Topical term or geographic name as entry element School principals
General subdivision Fiction.
9 (RLIN) 28794
650 #1 - SUBJECT ADDED ENTRY--TOPICAL TERM
Topical term or geographic name as entry element Schools
General subdivision Fiction.
9 (RLIN) 28795
650 #1 - SUBJECT ADDED ENTRY--TOPICAL TERM
Topical term or geographic name as entry element Humorous stories.
9 (RLIN) 3831
700 1# - ADDED ENTRY--PERSONAL NAME
Personal name Lee, Jared D.,
Relator term ill.
9 (RLIN) 28796
906 ## - LOCAL DATA ELEMENT F, LDF (RLIN)
a 7
b cbc
c copycat
d 2
e ncip
f 19
g y-gencatlg
942 ## - ADDED ENTRY ELEMENTS (KOHA)
Source of classification or shelving scheme Library of Congress Classification
Koha item type Books
Holdings
Withdrawn status Lost status Source of classification or shelving scheme Damaged status Home library Current library Shelving location Date acquired Total Checkouts Full call number Barcode Date last seen Copy number Price effective from Koha item type
    Library of Congress Classification   Munich Library Munich Library Scholastic Reading Center Section 03/19/2014   PZ 7 .T365 2003 MS2415 03/19/2014 1 03/19/2014 Books

The Art Teacher from the black lagoon /

APA

Thaler M., Lee J. D., . (1993). The Art Teacher from the black lagoon. New York: Scholastic.

Chicago

Thaler Mike, Lee Jared D, . 1993. The Art Teacher from the black lagoon. New York: Scholastic.

Harvard

Thaler M., Lee J. D., . (1993). The Art Teacher from the black lagoon. New York: Scholastic.

MLA

Thaler Mike, Lee Jared D, . The Art Teacher from the black lagoon. New York: Scholastic. 1993.

  • Place hold
  • Print
  • Cite
  • Add to your cart (remove)
  • Save record
    BIBTEX Dublin Core MARCXML MARC (non-Unicode/MARC-8) MARC (Unicode/UTF-8) MARC (Unicode/UTF-8, Standard) MODS (XML) RIS
  • More searches
    Search for this title in:
    Other Libraries (WorldCat) Other Databases (Google Scholar) Online Stores (Bookfinder.com) Open Library (openlibrary.org)

Exporting to Dublin Core...

SOUTHVILLE LIBRARY

Southville International School and Colleges Library

1281 Tropical Ave. Cor. Luxembourg St., BF Homes International, Las Pinas City

Tel. No. 8256374 / 252358 Loc. 117/146

Powered by Koha